[Event "COL-ch U15"]
[Site "Bogota"]
[Date "2019.12.07"]
[Round "4.12"]
[White "Ibanez Moreno, Yamel"]
[Black "Leal Saenz, Samuel Alberto"]
[Result "1-0"]
[WhiteElo "1301"]
[BlackElo "1408"]
[PlyCount "67"]
[EventDate "2019.12.06"]
[EventType "swiss"]
[EventRounds "6"]
[EventCountry "COL"]
[SourceTitle "EXT 2024"]
[Source "ChessBase"]
[SourceDate "2023.10.10"]
[SourceVersion "1"]
[SourceVersionDate "2023.10.10"]
[SourceQuality "1"]

1. e4 e5 2. Nf3 Nc6 3. Bb5 Nd4 4. Nxd4 exd4 5. d3 c6 6. Ba4 Qa5+ 7. c3 dxc3 8. bxc3 Nf6 9. Bb3 d5 10. exd5 cxd5 11. 0-0 Ng4 12. Re1+ Be7 13. Ba3 Qc7 14. Rxe7+ Qxe7 15. Bxe7 Kxe7 16. Qe2+ Kd8 17. Na3 Re8 18. Qf3 Ne5 19. Qxd5+ Kc7 20. Nb5+ Kb6 21. a4 a6 22. Qd6+ Nc6 23. Nd4 Rd8 24. a5+ Ka7 25. Nxc6+ bxc6 26. Qc5+ Kb8 27. Ba4 Bb7 28. Bxc6 Rc8 29. Qd6+ Rc7 30. Bxb7 Ra7 31. Qd8+ Kxb7 32. Rb1+ Kc6 33. Rb6+ Kc5 34. Qd4# 1-0

[Event "COL-ch U15"]
[Site "Bogota"]
[Date "2019.12.06"]
[Round "2.9"]
[White "Leal Saenz, Samuel Alberto"]
[Black "Hurtado Paez, Andres Jesus"]
[Result "0-1"]
[WhiteElo "1408"]
[BlackElo "1295"]
[PlyCount "99"]
[EventDate "2019.12.06"]
[EventType "swiss"]
[EventRounds "6"]
[EventCountry "COL"]
[SourceTitle "EXT 2024"]
[Source "ChessBase"]
[SourceDate "2023.10.10"]
[SourceVersion "1"]
[SourceVersionDate "2023.10.10"]
[SourceQuality "1"]

1. e4 e5 2. Nf3 Nc6 3. Bd3 Bc5 4. Qe2 d6 5. h3 Qf6 6. Nc3 Be6 7. Nb5 Rc8 8. Nc3 a6 9. a3 Nge7 10. b4 Ba7 11. b5 axb5 12. Nxb5 Bb6 13. Rb1 0-0 14. Nc3 Rb8 15. a4 Nd4 16. Nxd4 exd4 17. Nb5 Bd7 18. Na3 Bxa4 19. Rb4 Bd7 20. Nc4 Bc5 21. Rb3 d5 22. exd5 Nxd5 23. Qe5 Rfe8 24. Qe4 Rxe4+ 25. Bxe4 Re8 26. f3 Nf4 27. Kf2 d3+ 28. Ne3 Qg5 29. g3 Nxh3+ 30. Kg2 Nf4+ 31. Kh2 Qh5+ 32. Kg1 Bxe3+ 33. dxe3 Ne2+ 34. Kg2 Qg5 35. Rxd3 Qxg3+ 36. Kf1 Bh3+ 37. Kxe2 Qg2+ 38. Kd1 Qxh1+ 39. Kd2 Bg2 40. Bxb7 Bxf3 41. Ba6 Be4 42. Rd7 Qg2+ 43. Kc3 Qxc2+ 44. Kd4 Qb2+ 45. Kc5 Qa3+ 46. Kb5 Rb8+ 47. Kc4 Qa4+ 48. Kc5 Qxd7 49. Bc4 Qc6+ 50. Kd4 0-1